00677nam a2200205Ia 4500952014900000999001700149003000400166005001700170008004100187020001800228040000900246082001800255100002600273245004000299250001200339260005700351300000900408650001200417942004200429 00102ddc40708PHYSICSaMESbMEScPHYd2019-02-20g395.00l36m69o530.12 THA/Qp38478r2026-01-16 15:14:22s2025-12-17w2019-02-20yBKzG11R4 c34640d34640OSt20210409135812.0190216s9999||||xx |||||||||||||| ||und|| a9788122433579 coclc a530.12bTHA/Q aThankappan, V K94431 0aQuantum Mechanics /cV K Thankappan a3rd Ed. bNew Age International Publishers,c2013.aNew Delhi: a533p aPhysics cBK2ddch530.12iTHA/Qk530.12mTHA/Q